00777nam a2200241 a 4500001001300000003000900013005001700022008004100039020001000080082002100090100002000111245004800131260002700179300000900206500003500215505009000250650002300340700002000363902000800383942000700391952012200398999001500520nice12345678IN_TiNIC20260116013028.0050524s1991 dela grp 000 0 eng  ac17500a306.0899145bMUR aMurickan, J S J aReligion and Power Structure in Rural India aDelhibRawat Pubc1991 a171p aincludes index and biblioraphy2 athis is the reproduction of part iv. section-5.of the glosary of tribes & caste Vol.1 aCaste-India-Kerala1 aMurickan, J S J bSRS cBK 001040708StackRoom-aHMIbHMId2007-04-02g175.00l0o306.0899145 MURp014194r2007-04-02v175.00w2005-05-24yBK c9342d9342